[Event "RUS-Cup Final"]
[Site "Sochi"]
[Date "1997.09.17"]
[Round "1"]
[White "Vaulin, Alexander"]
[Black "Voitsekhovsky, Stanislav"]
[Result "0-1"]
[WhiteElo "2530"]
[BlackElo "2480"]
[Annotator "Ribli,Z"]
[PlyCount "172"]
[EventDate "1997.09.17"]
[EventType "tourn"]
[EventRounds "11"]
[EventCountry "RUS"]
[EventCategory "13"]
[SourceTitle "CBM 062"]
[Source "ChessBase"]
[SourceDate "1998.01.31"]
[SourceVersion "1"]
[SourceVersionDate "1998.01.31"]
[SourceQuality "1"]

1. c4 {Hecht} c5 2. g3 g6 3. Bg2 Bg7 4. Nc3 Nc6 5. Nf3 e6 {Ich kann diese
Variante für Schwarz empfehlen. Schwarz folgt der Philidor-Regel: "Entwickeln
wir unsere Figuren hinter den Bauern". Ribli.} (5... Nf6) (5... e5 {Wenn Weiß
schon 5.Nf3 gespielt hat, kann Schwarz diesen Zug machen und seinen Springer
nach e7 (mit der Idee ...f7-f5) entwickeln.} 6. O-O Nge7) 6. a3 {Weiß bereitet
sofortige Aktionen am Damenflügel vor, was zu unklaren Verwicklungen führt.} (
6. O-O) (6. d4) 6... Nge7 7. Rb1 d5 (7... O-O 8. b4 d6 9. h4 h6 $13) 8. b4 cxb4
9. axb4 O-O (9... a5 10. bxa5 dxc4 11. Qa4 Nd5 12. Bb2 O-O 13. Qxc4 Nxa5 14.
Qh4 Qxh4 15. Nxh4 {1/2-1/2 Loginov,V-Zvjaginsev,V/RUS-chT 1995/CBM 51 (19)}) (
9... dxc4 10. b5 Na5 11. Qa4 (11. Ba3 b6 12. Qa4 Bb7 13. O-O O-O 14. Rfd1 Qc7
15. d4 cxd3 16. Rxd3 Rfd8 {0-1 Vejmelek,M-Soucek,E/CZE-chT1c 9697 1997/EXT 97 
(23)}) 11... O-O 12. Ba3 b6 13. Ne5 Rb8 14. Nc6 Nexc6 15. Bxf8 Bxf8 16. bxc6 {
Vaulin,A-Margolin,B/Pardubice op 1994/EXT 94op/1/2-1/2 (50)}) 10. Ba3 a5 $5 $13
{Es ist logisch, daß Schwarz Gegenspiel am Damenflügel organisiert. Der
Partiezug bedeutet eigentlich ein Bauernopfer, aber dafür erlangt Schwarz die
Herrschafft auf den schwarzen Feldern.} (10... Re8 11. Qa4 b6 12. O-O Bb7 13.
b5 Na5 14. c5 d4 15. c6 dxc3 16. cxb7 Rb8 17. Rfd1 Qc7 18. dxc3 Nd5 19. Qh4
Rxb7 20. Ng5 h6 21. Ne4 Nc4 22. Bc1 Qe7 23. Qh3 g5 24. Qh5 Rd7 25. h4 {Loginov,
V-Nepomnishay,M/Petrov mem 1996/CBM 52/[Ribli]/1/2-1/2 (40)}) 11. b5 Nb4 12.
Bxb4 axb4 13. Rxb4 Qc7 $15 {[%csl Gg7][%cal Gg7a1,Ga8a1] Schwarz hat aktives
Figurenspiel für den geopferten Bauern in der offenen a-Linie, sowie der
a1-h8-Diagonalen.} 14. O-O (14. cxd5 $2 Bxc3 15. dxc3 Qxc3+ 16. Qd2 Ra1+ $19)
14... dxc4 15. b6 (15. Ra4 Bd7) (15. Qc2 Nd5 16. Nxd5 exd5 $15 {Schwarz hat
eine bequeme Stellung mit Läuferpaar.}) 15... Qc5 $15 {[%csl Rb6] In dieser
materiell gleichen Stellung besitzt Schwarz nicht nur das Läuferpaar, sondern
auch bessere Figurenkoordination. Ferner ist der Bauer b6 schwach.} 16. Rb5 Qd6
17. Qb1 Bd7 18. Ne4 (18. Rb4 Ra1 19. Qxa1 Qxb4 20. Rb1 Qc5 $15 {[%csl Rb6]})
18... Qa3 {[%cal Ga8a1,Gg7a1]} 19. Rb4 Ra4 {Nach dem folgenden Turmtausch wird
der b6-Bauer noch schwächer.} 20. Rxa4 Bxa4 21. Qc1 Qb4 22. Qb1 Bb3 {[%csl Gb3,
Rb6]} 23. d3 c3 $1 (23... cxd3 24. Qxd3 Qxb6 25. Rb1 $18 {[%cal Rb1b6]}) 24.
Nc5 $5 {Weiß versucht seine einzige Gegenchance. Im folgenden Endspiel kann er
um das Remis kämpfen.} Qxc5 25. Qxb3 Ra8 (25... Nc6 26. e3 {Und Weiß bereitet
27.d4 vor, wonach der Läufer auf g7 an Wirkung verliert.}) (25... Nd5 26. Rc1
Nxb6 27. d4 Bxd4 28. Nxd4 Qxd4 29. Qxc3 $15) 26. d4 $22 Bxd4 27. Nxd4 Qxd4 28.
Rc1 (28. Bxb7 Rb8 29. Bf3 Rxb6 $17 {[%csl Gc3]}) 28... Ra6 $1 (28... Rc8 $2 29.
Bxb7 Rb8 30. Bf3 Rxb6 31. Qxc3 $11) 29. Qxc3 Qxc3 30. Rxc3 Rxb6 {Schwarz hat
den b-Freibauern mehr, aber Weiß hegt wegen seines guten Läufers und des
reduzierten Materials noch Remishoffnungen.} 31. Be4 (31. Rc7 $2 Rb1+ 32. Bf1
Nd5 $17) 31... Nc6 32. Rd3 (32. Bxc6 $2 Rxc6 33. Rb3 Rc7 $17 {Dieses
Turmendspiel bietet gute Gewinnchancen für Schwarz. Ein einfacher Plan ist,
mit dem König zum b-Bauern zu laufen.}) 32... Ne5 33. Rd8+ Kg7 34. f4 Rb4 $5 (
34... Nc6 35. Rd7 $15 {Schwarz hat natürlich Vorteil, aber es ist schwer
voranzukommen.}) 35. Bxb7 (35. Bg2 Ng4 $17 {[%csl Gg1,Rg4] Schwarz droht, 36...
Rb1 37.Bf1 Ne3 zu spielen.}) 35... Rxb7 36. fxe5 {Hecht: Das alsbald
entstehende Endspiel 3-4 am Königsflügel muß remis sein. Es wird in der Folge
auf 2-3 und dann auf 1-2 (mit einem schwarzen Freibauern) reduziert.} Rb5 {
[%csl Re5] Schwarz gewinnt den schwachen e5-Bauern und spielt ein typisches
Turmendspiel mit vier gegen drei Bauern am Königsflügel.} 37. h4 {Einerseits
es ist immer riskant solch "lange" Bauernzüge im Endspiel zu machen, aber Weiß
will dem Schwarzen Raumgewinn nur unter Bauerntausch erlauben.} Rxe5 38. Kf2 h6
39. Rd7 g5 {Anders kann Schwarz seine Stellung nicht verbessern.} 40. hxg5 hxg5
41. Rd4 Kg6 42. g4 Kf6 43. Kf3 Rd5 {Jetzt und im Folgenden sehen wir eine
typische praktische Endspielführung. Schwarz muß jedes Manöver vorbereiten,
ein paar Mal die Züge wiederholen und, wenn der Gegner psychologisch
geschwächt ist, im entscheidenden Moment mit der Hauptdrohung kommen.} 44. Ra4
{Natürlich kann Weiß in diesem Endspiel nie die Türme tauschen. Das
entstehende Bauernendspiel wäre sicher verloren.} Rd1 45. e3 Ke5 46. Ra5+ Rd5
47. Ra8 Rb5 48. Rg8 f6 {Schwarz kann diesen Zug nicht vermeiden. Er muß mit
seinem Bauern vorstoßen.} 49. Rf8 Rb4 50. Rg8 Rb1 51. Ra8 Rd1 52. Ra5+ Rd5 53.
Ra8 f5 54. gxf5 {Ich glaube, jetzt oder später muß Weiß die Bauern tauschen.}
exf5 55. Re8+ {Ich glaube, daß dieses Turmendspiel bei sehr exaktem Spiel des
Verteidigers remis sein muß, aber in einer praktischen Partie besitzt der
Spieler mit zwei Bauern gute Gewinnchancen. Es sei angemerkt, daß das Endspiel
R+N gegen R total remis in Endspielbüchern ist, aber Kasparov es gegen Judit
Polgar leicht gewonnen hat.} Kf6 56. Rf8+ Kg7 57. Re8 Kf7 58. Ra8 Re5 59. Ra6 {
[%cal Ga6h6] Weiß beschränkt die Aktivität des schwarzen Königs.} Re4 60. Rb6
g4+ {Schwarz muß so spielen, er kann diesen Zug nicht vermeiden.} 61. Kf2 Re6
62. Rb8 Kf6 63. Rf8+ Kg5 64. Rg8+ Rg6 65. Rf8 Rh6 66. Rg8+ Kh4 67. Kg2 (67. Rf8
$5 Kg5 (67... Kh3 68. Rg8 $5 {und Schwarz kommt nicht leicht weiter.} (68. Rxf5
Kh2 (68... g3+ $2 69. Kg1 $11) 69. e4 g3+ 70. Kf3 g2 71. Rg5 g1=Q 72. Rxg1 Kxg1
73. Kf4 (73. e5 Rh4 $19) 73... Kf2) 68... Ra6 $2 69. Rh8+ $18) 68. Rg8+) 67...
Ra6 68. Rh8+ Kg5 69. Rg8+ Kf6 70. Rf8+ Ke6 71. Kg3 Ra2 $17 {Schwarz droht: 72..
.Re2 73.Kf4 Rf2 und 74...Rf3. [#] Hecht:  Eine Medaille für die
Endspielpatzerei!} 72. e4 $6 {Nach meiner Meinung wäre es besser, zu warten,
statt die Verwicklungen zu forcieren.} (72. Re8+ {Hecht}) 72... Ra3+ $1 73. Kg2
(73. Kf4 Rf3+ 74. Kg5 g3 {Das ist der einfachste Weg zum Gewinn.} (74... fxe4
$17) 75. exf5+ Rxf5+ 76. Rxf5 g2 $19 {Die Dame gewinnt relativ leicht gegen
den Turm.}) (73. Kh4 fxe4 74. Kxg4 Ke5 $17) (73. Kf2 $2 fxe4 74. Rf4 Rf3+ $19)
73... fxe4 74. Rf4 {Weiß gewinnt einen Bauern zurück, aber der Turm steht
schlecht auf g4.} Ke5 75. Rxg4 {[#] Hecht:  Als ich dieses Endspiel sah,
dachte ich impulsiv, es sei für Weiß verloren. Grund: die schlechte weiße
Turmstellung und obwohl der weiße König auf der kurzen, also der guten Seite
steht. Doch wozu gibt es die Endspiel-CD als Hilfe. R e m i s  l a u t  E n d
s p i e l - C D !} Kd4 {Der weiße König steht gut auf der "kurzen" Seite, doch
der weiße Turm muß für eine erfolgreiche Verteidigung auf die sogenannte
"lange" Seite.} 76. Rg8 Kd3 (76... Ke3 $4 77. Rg3+ $18) 77. Rd8+ (77. Re8 e3 (
77... Ke3 {Hecht} 78. Kf1 (78. Re7 $11) (78. Rb8 Ke2 79. Rb2+ Kd3 80. Kf2 e3+
81. Kf3 $11) 78... Ra1+ 79. Kg2 Re1 80. Ra8 $11 {Hecht: sowie jeder andere Zug
außer Kg3 und Kh3}) 78. Kf3 Kd2 79. Re7 Rd3 (79... e2+ $2 80. Kf2 $11) 80. Re8
Rd7 $19 81. Rxe3 (81. Ra8 $8 $11) 81... Rf7+) 77... Ke2 78. Rb8 Ra2 $19 {
Leider ist das Turmendspiel für Weiß verloren. Der weiße Turm steht schlecht
in der b-Linie, während der schwarze ausgezeichnet in der a-Linie plaziert ist.
bei vertauschter Turmaufstellung wäre das Endspiel wahrscheinlich remis, da
der weiße Turm mit maximalen Abstand Seitenschachmöglichkeiten bekommt.} 79.
Rb1 $6 {Bei gutem Spiel von Schwarz ist die Stellung gewonnen, aber trotzdem
es ware besser zuerst z.B. 79.Rb7 und nur nach 79...e3 80.Rb1 zu spielen.} (79.
Rb7 e3 80. Rb1 Kd3+ $1 81. Kf3 (81. Kf1 Kd2 82. Re1 Ra8 83. Re2+ Kd3 84. Re1
Rf8+ 85. Kg2 e2 86. Ra1 Ra8 $19) 81... Kd2 82. Kg2 Ke2 $22 {Das führt zu
unserer Partiestellung.}) 79... e3 80. Kg3 Ra8 $1 {[%cal Ra8g8,Rg8g3] Hecht:
Obwohl Weiß die kurze Seite mit dem König deckt und mit dem Turm von der
günstigen langen Seite kommt, reicht die Verteidigung deswegen nicht, weil der
schwarze Turm die a-Linie hält und dem weißen Turm von der b-Linie aus die
Seitenschachs stets ausgehen.} 81. Rb2+ Kd3 82. Rb3+ Kd2 83. Rb2+ Kc3 {Das ist
der große Unterschied, auf den ich in der Anmerkung zum 79. Zug hingewiesen
habe. Es gibt nicht genug Raum für den Turm des Verteidigers.} 84. Rb7 Re8 $1
85. Rb1 Kd2 86. Rb2+ Kc1 (86... Kc1 87. Re2 Kd1 $19 {Weiß gab auf. Ribli.}) 0-1

[Event "URS-chT Republics 19th Group1"]
[Site "Azov"]
[Date "1991.??.??"]
[Round "4"]
[White "Nasybullin, Vladislav"]
[Black "Lerner, Konstantin Z"]
[Result "1/2-1/2"]
[WhiteElo "2330"]
[BlackElo "2540"]
[Annotator "Ribli,Z"]
[PlyCount "59"]
[EventDate "1991.??.??"]
[EventType "team-tourn"]
[EventRounds "5"]
[EventCountry "URS"]
[SourceTitle "EXT 2020"]
[Source "ChessBase"]
[SourceDate "2019.10.17"]
[SourceVersion "1"]
[SourceVersionDate "2019.10.17"]
[SourceQuality "1"]
[WhiteTeam "Kazakhstan"]
[BlackTeam "Ukraine"]
[WhiteTeamCountry "KAZ"]
[BlackTeamCountry "UKR"]

1. Nf3 c5 2. g3 Nc6 3. Bg2 g6 4. O-O Bg7 5. c4 e6 6. Nc3 Nge7 7. d3 O-O 8. Bg5
h6 9. Bd2 d5 10. a3 b6 11. Rb1 a5 12. Na4 (12. Ne1 dxc4 13. dxc4 Ra7 14. Qc1
Kh7 15. Nc2 Rd7 16. Rd1 Bb7 17. b4 axb4 18. axb4 cxb4 19. Nxb4 Na5 $13 {
Mednis-Lerner Amsterdam OHRA-B 1988 46/(65) CBM/9}) 12... Bd7 13. e3 dxc4 14.
dxc4 e5 15. Bc3 Rb8 16. Nd2 Be6 17. b3 f5 18. Qc2 Qc7 19. Rbd1 Rbd8 $10 20. Bb2
Rd7 21. Nb1 Rfd8 22. Nbc3 e4 23. Nb5 Qb8 24. Rxd7 Rxd7 25. Bxg7 Kxg7 26. Rd1
Ne5 27. Bf1 Kf7 28. Be2 Rxd1+ 29. Qxd1 Bd7 30. Nac3 1/2-1/2

[Event "Hastings 9091"]
[Site "Hastings"]
[Date "1990.12.??"]
[Round "3"]
[White "Larsen, Bent"]
[Black "Chandler, Murray G"]
[Result "1-0"]
[WhiteElo "2545"]
[BlackElo "2560"]
[Annotator "Ribli,Z"]
[PlyCount "77"]
[EventDate "1990.12.??"]
[EventType "tourn"]
[EventRounds "14"]
[EventCountry "ENG"]
[EventCategory "13"]
[SourceTitle "CBM 022"]
[Source "ChessBase"]
[SourceDate "1991.06.01"]
[SourceVersion "1"]
[SourceVersionDate "1991.06.01"]
[SourceQuality "1"]

1. Nf3 c5 2. c4 Nc6 3. g3 g6 4. Bg2 Bg7 5. O-O e6 6. Nc3 Nge7 7. d3 O-O 8. Bf4
d6 (8... d5 $5) 9. Qd2 a6 (9... Nf5 $5) 10. Bh6 Rb8 11. Bxg7 Kxg7 12. d4 $1 b6
13. Rfd1 Qc7 14. Rac1 Bb7 15. d5 exd5 16. Nxd5 Nxd5 17. cxd5 Ne7 18. Qc3+ f6
19. Ng5 $14 Bc8 20. b4 Nf5 21. e4 Nh6 22. Ne6+ Bxe6 23. dxe6 Rfd8 24. f4 Ng8
25. g4 Qc8 26. f5 g5 27. Qg3 Qc7 28. Rd2 Ne7 29. h4 gxh4 (29... h6 30. hxg5
hxg5 31. Rcd1 Nc8 32. e5 $1 fxe5 33. f6+ $1 Kxf6 34. Rf1+ $18) 30. Qxh4 Nc6 31.
g5 fxg5 32. Qxg5+ Kh8 33. f6 $18 Rg8 34. Qf4 Rg6 35. f7 Kg7 36. Rf1 Kf8 37.
Rxd6 Nd4 38. e7+ Qxe7 39. Rxd4 1-0

[Event "RUS-Cup9"]
[Site "Novgorod"]
[Date "1997.06.15"]
[Round "4"]
[White "Skatchkov, Pavel"]
[Black "Vaulin, Alexander"]
[Result "0-1"]
[WhiteElo "2370"]
[BlackElo "2490"]
[Annotator "Ribli,Z"]
[PlyCount "88"]
[EventDate "1997.06.11"]
[EventType "swiss"]
[EventRounds "9"]
[EventCountry "RUS"]
[SourceTitle "CBM 060"]
[Source "ChessBase"]
[SourceDate "1997.09.29"]
[SourceVersion "1"]
[SourceVersionDate "1997.09.29"]
[SourceQuality "1"]

1. Nf3 c5 2. g3 Nc6 3. Bg2 e5 4. c4 {Nach meiner Meinung eine chancenreiche
Fortsetzung.} (4. O-O d5 {Und Weiß spielt eigentlich eine Königsindische
Verteidigung mit Tempoplus, aber ich bemerke, daß eine Verteidigung auch mit
einem Extratempo mehr eine Verteidigung bleibt.}) 4... g6 5. Nc3 Bg7 6. d3 Nge7
{Das ist eine Grundstellung dieser Variante. Schwarz hat eine positionelle
Schwäche auf d5, aber sein Springer steht viel ellastischer auf e7 als der
weiße Springer auf f3. Der Zug f7-f5 ist möglich.} 7. h4 {Diese riskante
Fortsetzung gefällt mir nicht.Weiß droht 8.h4-h5 zu spielen, aber Schwarz hat
genügende Gegensmittel.} (7. Nd2 d6 8. Nf1 Be6 9. Ne3 {[%cal Ge3d5] Weiß
kontrolliert das wichtige Zentrumsfeld auf d5, aber Schwarz kann ruhig mit 9...
0-0, 1o...Qd7 und 11...Bh3 fortsetzen mit einer verteidigungsfähigen Stellung.}
) {Schwarz hat drei Möglichkeiten:  1.Den Partiezug, mit dem Schwarz die
Spannung am Königsflügel hält 2.Völlige Verhinderung des Bauernmarschs mit 7...
h5 und 3.Rochieren und den Bauer nach h5 kommen lassen.} 7... h6 (7... h5 8.
Ne4 (8. Bg5 f6 9. Bd2 d6 10. a3 O-O 11. e3 Be6 12. Qc2 Rb8 13. Ne4 b5 14. b3 {
Haikola,K-Raisa,U/Helsinki op 1992/1/2-1/2 (46)}) 8... O-O 9. Nd6 Qc7 10. Nxc8
Raxc8 11. O-O d5 12. cxd5 Nxd5 13. Bd2 {0-1 Heinicke,H-Longwitz,A/BL2-N 1984 
(28)}) (7... O-O 8. h5 d5 9. cxd5 Nxd5 10. Bg5 Nxc3 11. bxc3 Qa5 12. hxg6 hxg6
13. Nd2 Qxc3 14. Rc1 Qa5 15. Bd5 Nd4 16. Kf1 Be6 17. Bxb7 Rab8 18. Ne4 f6 19.
Bd2 Qxa2 {Petukhov,V-Filippov,V/Vladivostok Zaitsev 1995/0-1 (46)}) 8. Bd2 (8.
Nd5 $5 Nxd5 9. cxd5 Ne7 10. h5 g5 11. d6 Nf5 12. g4 Nxd6 13. Qc2 Qb6 14. Be3 e4
15. Nd2 exd3 16. exd3 Qxb2 17. Qxb2 Bxb2 18. Bxc5 Bxa1 {1/2-1/2 de
Bruycker-Schmidt,W/Malta (ol) 1980}) (8. h5 g5 {[%csl Rh5] Und nach meiner
Meinung der Bauer ist schwach.Ribli.}) 8... d6 9. Qc1 {Mit dem Partiezug Weiss
verhindert die schwarze Rochade.Ribli.} (9. a3 Be6 10. Rb1 a5 11. O-O (11. e4
f5 12. Nd5 Rb8 13. b4 axb4 14. axb4 cxb4 15. Be3 b5 16. Nd2 O-O 17. cxb5 Rxb5
18. Qa4 Qb8 {1/2-1/2 Sorokin,M-Arnason,J/Palma de Mallorca GMA 1989 (21)}) (11.
Qa4 $6 O-O 12. Qd1 Kh7 (12... f5) 13. Ne4 Nd4 14. e3 Nxf3+ 15. Qxf3 Qd7 16. Nc3
Rab8 17. Qe2 d5 18. cxd5 Nxd5 19. O-O a4 $17 {0-1 Lobejko,R-Maksimenko,A/
Copenhagen PC 1996 (32)}) 11... O-O 12. Ne1 f5 13. Nc2 f4 14. e4 Rb8 15. b4
axb4 16. axb4 cxb4 17. Nb5 Qd7 18. Kh2 g5 {0-1 Walker,D-Norwood,D/BCF-ch 1988 
(33)}) 9... Be6 10. Rb1 d5 $11 {Gegenschlag im Zentrum: Das ist die richtige
Antwort auf den weißen Flügelplan mit 7.h4.} (10... Rb8 11. a3 a5 12. e4 Bg4
13. Nb5 Kf8 14. O-O Kg8 15. Qe1 Kh7 16. Nh2 Be6 17. Kh1 b6 18. f4 exf4 19. gxf4
f5 20. h5 Nd4 21. hxg6+ Nxg6 22. Nxd4 Bxd4 23. Nf3 Bf6 24. Bh3 Qd7 25. Qf2 Rbg8
{0-1 Milicevic,D-Notaros,K/JUG-chT (Cetinje) 1993 (38)}) 11. cxd5 Nxd5 12. Nxd5
Qxd5 (12... Bxd5 13. Qxc5 Bxa2 14. Rc1 $14 {[%csl Gc5,Re8]}) 13. O-O Qd6 {
[%csl Ra2] Die Dame steht schlecht auf d5, so muß sie sich ein anderes Feld
suchen.} (13... Qxa2 14. Qxc5 $36 {[%csl Gc5,Re8]}) (13... b6 $2 14. Nxe5 $18)
14. b3 (14. a3 {[%csl Rb3]} Bb3 15. Be3 Nd4) 14... Rc8 15. Re1 {Weiß
verteidigt sich gegen die folgende Springereindringung nach d4.} b6 16. a3 $6 {
Mit diesem Zug scwächt Weiß seinen Damenflügel ohne verständliche Begründung.}
a5 $15 {Schwarz kontrolliert mehr Raum, und der weiße b3-Bauer ist schwach.
Das einzige Problem für Schwarz ist, daß er noch nicht rochieren kann.} 17. Be3
Nd4 18. Nd2 (18. Nxd4 $4 {Das verliert taktisch sofort, aber der Zug ist auch
grundsaäzlich strategisch eine Fehler. Weiß muß besser für den schwarzen
Springer seinen Läufer geben, und lieber seinen eigenen Springer auf dem Brett
halten.} cxd4 $19) 18... Qd8 $5 (18... O-O $6 19. Nc4 Bxc4 (19... Qd8 20. Bxh6
$16) 20. bxc4 {[%cal Gb1b6,Gg2a8]}) 19. Nc4 $6 (19. Qb2 e4 $5 {[%cal Gg7b2]}) (
19. Qd1 O-O 20. b4 cxb4 21. axb4 Nc2 $17) (19. a4 $5 {Mit der Idee, 20.Nc4 zu
spielen. Jetzt ist klar, daß Weiß um Ausgleich kämpfen muß.}) 19... b5 20. Nd2
O-O 21. a4 b4 {In dieser Stellung gibt es beiderseitige Schwächen. Schwarz hat
Raumvorteil, und einen sehr starken Springer auf d4, aber die weißen Felder
werden von Weiß kontrolliert. Der g7-Läufer hat keine große Zukunft.} 22. Nc4 {
[%csl Gc4,Gd4]} Kh7 23. Bxd4 $1 exd4 (23... cxd4 $11) 24. Qf4 {[%csl Rd6]} Bxc4
(24... h5 25. Qd6 $11 (25. Rbc1 Bh6 $17 {[%cal Rh6c1]})) 25. dxc4 $11 {Schwarz
hat nur theoretisch die besseren Möglichkeiten wegen seines Raumvorteils. Weiß
ist starkauf den weißen Feldern und Schwarz auf den schwarzen Felden.} h5 {
[%cal Gg7h6,Gh6c1]} 26. Qg5 $2 {Weiss glaubt,das nach dem Damentausch er kann
leicht das remis erreichen.Ribli.} (26. Rbd1 Bh6 27. Qf3 $11) 26... Qxg5 27.
hxg5 Rce8 $15 {[%csl Rg5]} 28. e4 $2 (28. Rbd1 Re5 29. f4 Re3 30. Rd3 Rfe8 31.
Kf2 $15 {Schwarz steht aktiver, aber Weiß hat Rettungschancen. Sein Plan ist,
32.Bf3 zu spielen und den Turm auf e1 zu befreien.}) 28... dxe3 29. Rxe3 Rxe3
30. fxe3 Re8 {[%csl Re3,Rg3,Rg5]} 31. Kf2 (31. Rd1 Rxe3 $17 {[%cal Re3g3,Re3b3]
}) 31... Re5 $17 {Die weißen Königsflügelbauern sind schwach. Obwohl es auf
dem Brett ungleichfarbige Läufer gibt, macht die Anwesenheit der Türme den
schwarzen Vorteil klar.} 32. Rd1 Rxg5 33. Rd7 Rf5+ 34. Bf3 Be5 {[%csl Ge5,Rf3,
Gf5] Schwarz hat einen Bauern mehr, und was noch wichtiger ist, sein Angriff
ist stark.} 35. e4 $6 (35. Ra7 {Schwarz hat eine überlegene Stellung, aber
vielleicht hat Weiß in dieser Variante bessere Verteidigungschancen..}) (35.
Rd5 {[%cal Gd5f5,Gd5a5]}) 35... Rg5 36. Rxf7+ Kh6 {[%csl Ge5,Gf2,Rf3,Gg5,Gh6]
Jetzt die Stellung ist materiell gleich, aber der weiße Läufer ist schlecht,
und die schwarze Figuren kommen zum Angriff.} 37. g4 hxg4 38. Bg2 Rh5 {Ohne
Türme wäre die Stellung wahrscheinlich remis, aber mit den Tuermen ist der
schwarze Angriff kaum zu parieren.} 39. Re7 Bd4+ 40. Kg3 (40. Kf1 Kg5 {[%csl
Gd4,Rg2]}) 40... Kg5 $19 {Das Erscheinen des Königs beendet den Kampf.} 41. Re6
(41. Rd7 Be5+ 42. Kf2 Rh8 {[%cal Gh8f8,Gf8f2]} (42... Kf4 43. Rf7+)) 41... Bc3
{[%cal Rc3e1]} 42. Kf2 Kf4 43. Rxg6 Bd4+ 44. Kf1 (44. Ke2 Rh2 45. Kf1 Kg3 $19)
44... Kg3 {Und Weiß gab in verlorener Stellung auf.} 0-1

[Event "New York WFW"]
[Site "New York"]
[Date "1990.??.??"]
[Round "?"]
[White "Mednis, Edmar John"]
[Black "Fishbein, Alexander"]
[Result "1/2-1/2"]
[WhiteElo "2450"]
[BlackElo "2470"]
[Annotator "Ribli,Z"]
[PlyCount "145"]
[EventDate "1990.09.??"]
[EventType "tourn"]
[EventRounds "9"]
[EventCountry "USA"]
[EventCategory "11"]
[SourceTitle "CBM 020"]
[Source "ChessBase"]
[SourceDate "1991.02.01"]
[SourceVersion "1"]
[SourceVersionDate "1991.02.01"]
[SourceQuality "1"]

1. c4 c5 2. g3 g6 3. Bg2 Bg7 4. Nc3 Nc6 5. Nf3 e6 6. O-O Nge7 7. d3 O-O 8. Bg5
a6 (8... h6 9. Bd2 b6 10. a3 Bb7 11. Rb1 {Larsen,B-Chandler,M London WFW 1990
CBM/18}) 9. Qd2 d6 10. Bh6 Bxh6 11. Qxh6 Nf5 12. Qd2 Qe7 13. e3 Rb8 14. d4 b5
15. cxb5 axb5 16. d5 Na5 17. e4 Nc4 18. Qc1 (18. Qd1 $5) 18... Nd4 19. Nxd4
cxd4 20. Nxb5 Ba6 21. Nxd4 Qf6 22. b3 Qxd4 23. Rd1 Qf6 24. bxc4 Rb2 25. f4 Rfb8
26. Bf1 exd5 27. Rxd5 R2b4 28. e5 dxe5 29. Rxe5 Rb2 30. Qe3 Qc6 31. Re1 Kg7 32.
Rc5 Qf6 33. Ra5 Rd8 34. Qe5 Qxe5 35. Rexe5 Bxc4 $1 36. Bxc4 Rd1+ 37. Bf1 Rbb1
38. Re2 Rxf1+ 39. Kg2 Rg1+ 40. Kf3 Rb7 41. Rc2 Rd7 42. Re5 Rf1+ 43. Rf2 Ra1 44.
Ree2 Rd3+ 45. Re3 Rd4 46. Re7 Ra4 47. Rb2 R1xa2 48. Rbb7 Rxh2 49. Rxf7+ Kg8 50.
Rg7+ Kh8 51. Rge7 Ra3+ 52. Kg4 Ra8 53. Re3 Rf8 54. Kf3 Ra8 55. Re5 Rh3 56. Kg2
Rh6 57. Re2 Rg8 58. g4 Rh4 59. Kg3 Rh1 60. Ree7 Rh6 61. Rb1 Ra8 62. Kf3 Rh3+
63. Kg2 Rh4 64. Kg3 Rh6 65. Reb7 Kg8 66. Rb8+ Rxb8 67. Rxb8+ Kg7 68. Rb7+ Kg8
69. Kf3 Rh1 70. f5 gxf5 71. gxf5 Kf8 72. Kf4 Rh6 73. Kg5 1/2-1/2